Revista geográfica de Chile Terra Australis /

Órgano de divulgación del Comité Nacional de Geografía, geodesia y geofísica del Instituto Geográfico Militar. Circula en Chile desde septiembre del año 1948 hasta el 2003, habiendo alcanzado casi 50 ediciones. Algunos de sus directores fueron General don Ramón Cañas Montalva y Coronel Jorge León Vi...

Full description

Bibliographic Details
Corporate Author: Instituto Geográfico Militar
Format: Revista
Language:Spanish
Published: Chile Instituto Geográfico Militar 1948
Subjects:
Online Access:

MARC

LEADER 00000cas a2200000 a 4500
001 040489
003 UAHC_CL
005 20170803124447.0
008 150225s19489999cl 000 spa
022 |a 03788482 
040 |a UAHC_CL  |c UAHC_CL  |d UAHC_CL 
245 1 0 |a Revista geográfica de Chile Terra Australis /  |c Instituto Geográfico Militar. 
260 |b Instituto Geográfico Militar  |a Chile  |c 1948 
300 |a v. 
310 |a Semestral 
520 |a Órgano de divulgación del Comité Nacional de Geografía, geodesia y geofísica del Instituto Geográfico Militar. Circula en Chile desde septiembre del año 1948 hasta el 2003, habiendo alcanzado casi 50 ediciones. Algunos de sus directores fueron General don Ramón Cañas Montalva y Coronel Jorge León Villarreal. La publicación fue suspendida entre los años 1974 y 1979. Esta revista tuvo por objetivo ampliar la difusión de las investigaciones en materias relacionadas con las geociencias y geomática, con el propósito de informar al lector en el desarrollo de este quehacer científico. 
650 4 |a GEOGRAFIA  |v PUBLICACIONES PERIODICAS 
650 4 |a GEOGRAFIA  |z CHILE 
653 |a GEOGRAFIA 
653 |a LICENCIATURA EN HISTORIA 
710 1 |a Instituto Geográfico Militar 
900 |a REV. GEOGR. CHILE, TERRA AUSTRALIS 
942 |c REV 
952 |0 0  |1 0  |4 0  |6 REV___GEOGR__CHILE_TERRA_AUSTRALIS2324_7273  |7 0  |8 Hemeroteca  |9 76212  |a BC  |b BC  |c Hemeroteca  |d 2017-08-03  |l 0  |o REV. GEOGR. CHILE, TERRA AUSTRALIS-23,24/72,73  |p 1409041  |r 2019-01-03 00:00:00  |t 1  |w 2017-08-03  |y REV 
952 |0 0  |1 0  |4 0  |6 REV___GEOGR__CHILE_TERRA_AUSTRALIS5152_0708  |7 0  |8 Hemeroteca  |9 76213  |a BC  |b BC  |c Hemeroteca  |d 2017-08-03  |l 3  |m 4  |o REV. GEOGR. CHILE, TERRA AUSTRALIS-51,52/07,08  |p 1408796  |r 2020-03-02 00:00:00  |s 2019-04-18  |t 1  |w 2017-08-03  |y REV 
952 |0 0  |1 0  |4 0  |6 REV___GEOGR__CHILE_TERRA_AUSTRALIS48_03_000000000000000  |7 0  |8 Hemeroteca  |9 76214  |a BC  |b BC  |c Hemeroteca  |d 2017-08-03  |l 0  |o REV. GEOGR. CHILE, TERRA AUSTRALIS-48/03  |p 1342029  |r 2019-01-03 00:00:00  |t 2  |w 2017-08-03  |y REV 
999 |c 40489  |d 40489